000 00404nam a22001697a 4500
999 _c562
_d562
005 20211126124523.0
008 160511b xxu||||| |||| 00| 0 eng d
020 _a1403-922322
041 _aeng
082 _b1297
_a338.5024658
100 _aSumitra Pal
_9811
245 _aManagerial Economics
260 _bMc Millan India Pvt. Ltd.
_c2004
300 _a321
650 _aManagement
_9241
942 _cBK